00621nam a2200217 a 450000100060000000300080000600500170001400800410003102000240007203500190009604000320011504100080014708200200015510000240017524500550019926000430025430000340029750400300033165000240036165000180038514762BD-RjUL20211208235704.0161218s1980 enka b 001 0 eng d a0582489857 (pbk.) : a(BD-RjUL)14816 aDLCcDLCdDLCdBD-RjULbeng aeng00a333.7bDAS 19801 aDavidson, Donald A.10aSoils and land use planning /cDonald A. Davidson. aLondon ;aNew York :bLongman,cc1980. axii, 129 p. :bill. ;c23 cm. aBibliography: p. 117-125. 0aLand usexplanning. 0aSoil science.